[Event "Cheliabinsk-ch"]
[Site "Cheliabinsk"]
[Date "2011.03.06"]
[Round "9"]
[White "Pivovarov, Michail"]
[Black "Zhuravlev, Mikhail"]
[Result "0-1"]
[WhiteElo "1869"]
[BlackElo "2006"]
[PlyCount "64"]
[EventDate "2011.02.26"]
[EventType "swiss"]
[EventRounds "9"]
[EventCountry "RUS"]
[SourceTitle "CBM 141 Extra"]
[Source "ChessBase"]
[SourceDate "2011.05.03"]
[SourceVersion "1"]
[SourceVersionDate "2011.05.03"]
[SourceQuality "1"]

1. Nf3 Nf6 2. c4 e6 3. Nc3 d5 4. d4 c6 5. Qb3 Be7 6. Bf4 0-0 7. h3 dxc4 8. Qxc4 b5 9. Qb3 Bb7 10. e3 Nbd7 11. Be2 a6 12. 0-0 c5 13. Rad1 Qb6 14. dxc5 Nxc5 15. Qc2 Rac8 16. Qd2 b4 17. Nb1 Rfd8 18. Qe1 a5 19. Ne5 Bd5 20. b3 Nfe4 21. Bc4 Nd6 22. Nd2 Nb5 23. Bxb5 Qxb5 24. Nec4 Ne4 25. Rc1 f6 26. Nf3 e5 27. Bxe5 fxe5 28. Ncxe5 Nc3 29. Rc2 Be4 30. Rd2 Rxd2 31. Qxd2 Rd8 32. Qb2 Bf6 0-1

[Event "Cheliabinsk-ch"]
[Site "Cheliabinsk"]
[Date "2011.02.28"]
[Round "3"]
[White "Zhuravlev, Mikhail"]
[Black "Tsiulin, Viktor"]
[Result "1-0"]
[WhiteElo "2006"]
[BlackElo "2106"]
[PlyCount "37"]
[EventDate "2011.02.26"]
[EventType "swiss"]
[EventRounds "9"]
[EventCountry "RUS"]
[SourceTitle "CBM 141 Extra"]
[Source "ChessBase"]
[SourceDate "2011.05.03"]
[SourceVersion "1"]
[SourceVersionDate "2011.05.03"]
[SourceQuality "1"]

1. e4 e6 2. d4 d5 3. Nc3 Bb4 4. e5 c5 5. a3 Bxc3+ 6. bxc3 Nc6 7. Nf3 Qc7 8. Bd3 cxd4 9. cxd4 Nxd4 10. Nxd4 Qc3+ 11. Qd2 Qxa1 12. 0-0 Ne7 13. Qb4 a5 14. Bb5+ Kf8 15. Qc5 h5 16. Bg5 Qb2 17. Qxe7+ Kg8 18. Qe8+ Kh7 19. Bd3+ 1-0

[Event "Cheliabinsk-ch"]
[Site "Cheliabinsk"]
[Date "2011.02.26"]
[Round "1"]
[White "Zhuravlev, Mikhail"]
[Black "Inyakin, Gennady"]
[Result "1-0"]
[WhiteElo "2006"]
[BlackElo "1780"]
[PlyCount "67"]
[EventDate "2011.02.26"]
[EventType "swiss"]
[EventRounds "9"]
[EventCountry "RUS"]
[SourceTitle "CBM 141 Extra"]
[Source "ChessBase"]
[SourceDate "2011.05.03"]
[SourceVersion "1"]
[SourceVersionDate "2011.05.03"]
[SourceQuality "1"]

1. e4 e5 2. Nf3 Nc6 3. Bb5 a6 4. Ba4 Nf6 5. 0-0 Nxe4 6. d4 b5 7. Bb3 d5 8. dxe5 Be6 9. Be3 Na5 10. Nbd2 Nxd2 11. Qxd2 c5 12. c3 Qc7 13. h3 Rd8 14. Rfe1 Be7 15. Qe2 0-0 16. Bc2 Nc4 17. Bg5 Rde8 18. Qd3 g6 19. Bh6 Nxb2 20. Qe2 Nc4 21. a4 Rd8 22. Bxf8 Bxf8 23. axb5 axb5 24. Bd3 d4 25. cxd4 cxd4 26. Ng5 Bd5 27. e6 Bb4 28. exf7+ Bxf7 29. Ne6 Bxe6 30. Qxe6+ Qf7 31. Qxf7+ Kxf7 32. Reb1 Bc3 33. Ra7+ Kg8 34. Rxb5 1-0

[Event "St Petersburg June op"]
[Site "St Petersburg"]
[Date "2008.06.26"]
[Round "6"]
[White "Zhuravlev, Mikhail"]
[Black "Azimova, Karina"]
[Result "0-1"]
[WhiteElo "2006"]
[BlackElo "1857"]
[PlyCount "58"]
[EventDate "2008.06.21"]
[EventType "swiss"]
[EventRounds "9"]
[EventCountry "RUS"]
[SourceTitle "CBM 125 Extra"]
[Source "ChessBase"]
[SourceDate "2008.09.01"]
[SourceVersion "1"]
[SourceVersionDate "2008.09.01"]
[SourceQuality "1"]

1. e4 e5 2. Bc4 Nf6 3. Nc3 Nc6 4. d3 d6 5. f4 Be7 6. Nf3 0-0 7. 0-0 Na5 8. Bb3 Nxb3 9. axb3 exf4 10. Bxf4 Bg4 11. h3 Be6 12. Nd4 Qd7 13. Bg5 h6 14. Bxf6 Bxf6 15. Rxf6 gxf6 16. Qh5 Kh7 17. Rf1 Rg8 18. Rxf6 Rg6 19. Rf3 Rag8 20. g4 Rg5 21. Qh4 Bxg4 22. Rg3 Bxh3 23. Rxg5 Rxg5+ 24. Kf2 Qg4 25. Qxg4 Bxg4 26. Nd5 c6 27. Nf6+ Kg6 28. Nxg4 Rxg4 29. Nf5 Rf4+ 0-1

[Event "St Petersburg June op"]
[Site "St Petersburg"]
[Date "2008.06.23"]
[Round "3"]
[White "Gavriushov, Andrey"]
[Black "Zhuravlev, Mikhail"]
[Result "1/2-1/2"]
[WhiteElo "2138"]
[BlackElo "2006"]
[PlyCount "137"]
[EventDate "2008.06.21"]
[EventType "swiss"]
[EventRounds "9"]
[EventCountry "RUS"]
[SourceTitle "CBM 125 Extra"]
[Source "ChessBase"]
[SourceDate "2008.09.01"]
[SourceVersion "1"]
[SourceVersionDate "2008.09.01"]
[SourceQuality "1"]

1. Nf3 Nf6 2. g3 Nc6 3. d4 d5 4. Bg2 Bf5 5. Nh4 Be4 6. f3 Bg6 7. Nxg6 hxg6 8. c3 e6 9. Be3 Be7 10. Nd2 Qd7 11. Bf2 e5 12. e3 g5 13. h3 Qe6 14. Qe2 exd4 15. exd4 Qxe2+ 16. Kxe2 0-0-0 17. Kd3 Bd6 18. g4 Bf4 19. h4 gxh4 20. Rxh4 g5 21. Rhh1 Ne7 22. b3 Ng6 23. Rxh8 Rxh8 24. Rh1 Rxh1 25. Bxh1 Bxd2 26. Kxd2 Nf4 27. Be3 Nh7 28. Bxf4 gxf4 29. Bg2 Kd7 30. Bf1 Ng5 31. Be2 Ke6 32. c4 c6 33. Kc3 Kd6 34. c5+ Ke6 35. b4 a6 36. a4 Kf6 37. Kd2 Ne6 38. Kc3 Kg5 39. b5 axb5 40. axb5 Kh4 41. b6 Kg3 42. Bd1 Kf2 43. Kd3 Ke1 44. Bb3 Nd8 45. Ba4 Kf2 46. Bd1 f6 47. Kd2 Ne6 48. Kd3 Kf1 49. Bb3 Nf8 50. Ba4 Ke1 51. Bb3 Kf2 52. Bd1 Kg3 53. Kd2 Ne6 54. Kd3 Kh4 55. Bb3 Nf8 56. Ke2 Kg5 57. Ba4 f5 58. gxf5 Kxf5 59. Kd3 Ke6 60. Bd1 Kd7 61. Be2 Ne6 62. Bd1 Ng7 63. Be2 Nf5 64. Bf1 Ne3 65. Bh3+ Kd8 66. Kd2 Nc4+ 67. Kd3 Na5 68. Kc3 Nc4 69. Kd3 1/2-1/2

[Event "St Petersburg June op"]
[Site "St Petersburg"]
[Date "2008.06.22"]
[Round "2"]
[White "Zhuravlev, Mikhail"]
[Black "Utkin, Alexander"]
[Result "0-1"]
[WhiteElo "2006"]
[BlackElo "2187"]
[PlyCount "80"]
[EventDate "2008.06.21"]
[EventType "swiss"]
[EventRounds "9"]
[EventCountry "RUS"]
[SourceTitle "CBM 125 Extra"]
[Source "ChessBase"]
[SourceDate "2008.09.01"]
[SourceVersion "1"]
[SourceVersionDate "2008.09.01"]
[SourceQuality "1"]

1. e4 c5 2. c4 Nc6 3. Nc3 g6 4. g3 Bg7 5. Bg2 e6 6. Nge2 Nge7 7. 0-0 0-0 8. d3 d6 9. Be3 Nd4 10. Qd2 e5 11. Bh6 Bg4 12. Bxg7 Nxe2+ 13. Nxe2 Kxg7 14. f3 Be6 15. h3 f6 16. Kh2 Qd7 17. f4 b5 18. cxb5 Qxb5 19. f5 Bc8 20. Nc3 Qa5 21. fxg6 hxg6 22. Rf2 Be6 23. Raf1 Qd8 24. Qe3 Qd7 25. g4 Rab8 26. g5 f5 27. exf5 gxf5 28. g6 f4 29. Qf3 Nf5 30. Qh5 Rh8 31. Qg5 Rh6 32. Rg1 Ng3 33. Bc6 Rxh3+ 34. Kg2 Qxc6+ 35. Ne4 Re8 36. Qf6+ Kg8 37. Qxe6+ Rxe6 38. Kxh3 Nxe4 39. dxe4 Qxe4 40. Rfg2 Kg7 0-1

[Event "Petrovskaya Ladya op 08"]
[Site "Peterhof"]
[Date "2007.08.14"]
[Round "8"]
[White "Zhuravlev, Mikhail"]
[Black "Timchenko, Aleksandr"]
[Result "0-1"]
[WhiteElo "2006"]
[BlackElo "2061"]
[PlyCount "132"]
[EventDate "2007.08.06"]
[EventType "swiss"]
[EventRounds "9"]
[EventCountry "RUS"]
[SourceTitle "EXT 2008"]
[Source "ChessBase"]
[SourceDate "2007.11.25"]
[SourceVersion "1"]
[SourceVersionDate "2007.11.25"]
[SourceQuality "1"]

1. e4 g6 2. d4 Bg7 3. c4 c6 4. Nc3 d5 5. exd5 cxd5 6. cxd5 Nf6 7. Bc4 0-0 8. Nge2 Nbd7 9. Bb3 Nb6 10. Nf4 Bf5 11. 0-0 Rc8 12. Re1 a6 13. Qe2 Rc7 14. Bd2 Qd6 15. Rad1 Rfc8 16. h3 h5 17. a3 Bf8 18. Qf3 Nc4 19. Bxc4 Rxc4 20. Nxh5 Nxh5 21. g4 Ng7 22. gxf5 Nxf5 23. Be3 Bg7 24. Qg4 Qb6 25. Rd2 Bf6 26. Red1 Kg7 27. Ne4 Rh8 28. Nxf6 exf6 29. Kg2 Rh4 30. Qe2 Qb5 31. f3 Qxd5 32. Bf2 Rf4 33. b3 Rc8 34. Rd3 Rh8 35. Bg3 Nxg3 36. Kxg3 Qg5+ 37. Kf2 Rxh3 38. Ke1 Qg3+ 39. Kd2 Rh2 40. Qxh2 Qxh2+ 41. Kc3 Qe2 42. R1d2 Qe7 43. Kb2 Qd6 44. d5 g5 45. Rg2 Qe5+ 46. Kc2 Rd4 47. Rgd2 Rxd3 48. Rxd3 Qe2+ 49. Kc3 Kf8 50. Kd4 Ke7 51. Re3+ Qxe3+ 52. Kxe3 Kd6 53. Ke4 a5 54. Kf5 Kxd5 55. Kxf6 Kd4 56. Kxg5 Ke5 57. Kg4 f6 58. b4 axb4 59. axb4 b5 60. Kg3 f5 61. Kg2 Kd4 62. Kg3 Ke3 63. f4 Ke4 64. Kg2 Kxf4 65. Kf2 Ke4 66. Ke2 Kd4 0-1

[Event "Petrovskaya Ladya op 08"]
[Site "Peterhof"]
[Date "2007.08.13"]
[Round "7"]
[White "Rikkinen, Stanislav"]
[Black "Zhuravlev, Mikhail"]
[Result "1-0"]
[WhiteElo "2191"]
[BlackElo "2006"]
[PlyCount "135"]
[EventDate "2007.08.06"]
[EventType "swiss"]
[EventRounds "9"]
[EventCountry "RUS"]
[SourceTitle "EXT 2008"]
[Source "ChessBase"]
[SourceDate "2007.11.25"]
[SourceVersion "1"]
[SourceVersionDate "2007.11.25"]
[SourceQuality "1"]

1. d4 Nf6 2. Bg5 Ne4 3. Bh4 d5 4. Nd2 Qd6 5. c3 Qh6 6. Nxe4 Qxh4 7. Ng3 Qf6 8. e4 dxe4 9. Nxe4 Qb6 10. Qb3 Nd7 11. Nf3 e6 12. Rd1 Be7 13. Be2 0-0 14. Ne5 Qxb3 15. axb3 Nxe5 16. dxe5 Rd8 17. Rxd8+ Bxd8 18. Nc5 Be7 19. Nd3 Bd7 20. Bf3 c6 21. Kd2 Rd8 22. Kc2 Be8 23. Re1 a5 24. Ra1 b6 25. b4 axb4 26. cxb4 f6 27. Ra7 Kf8 28. Nf4 Bf7 29. exf6 gxf6 30. Bh5 Bg8 31. Nd3 e5 32. Bf3 Bd5 33. Bxd5 cxd5 34. Rc7 Kf7 35. Rc6 Rd6 36. Rc8 e4 37. Nf4 d4 38. b5 d3+ 39. Kd1 Rd7 40. Rc4 f5 41. g4 Kf6 42. gxf5 Kxf5 43. Nh5 Ke5 44. Ng3 Rd4 45. Rxd4 Kxd4 46. Nf5+ Kc5 47. Nxe7 Kxb5 48. Nd5 Kc5 49. Nf6 Kd4 50. Kd2 h6 51. Ng4 h5 52. Ne3 b5 53. Ng2 Kc4 54. Ne3+ Kb3 55. Nd1 b4 56. Ne3 Kxb2 57. Nc4+ Ka2 58. Nd6 b3 59. Nxe4 b2 60. Nc3+ Kb3 61. Kxd3 Kb4 62. f4 Kc5 63. Kc2 Kd4 64. Kxb2 h4 65. Kc2 Ke3 66. f5 h3 67. f6 Kf2 68. Ne4+ 1-0

[Event "Petrovskaya Ladya op 08"]
[Site "Peterhof"]
[Date "2007.08.10"]
[Round "5"]
[White "Kazakevich, Grigoriy"]
[Black "Zhuravlev, Mikhail"]
[Result "1-0"]
[WhiteElo "2142"]
[BlackElo "2006"]
[PlyCount "111"]
[EventDate "2007.08.06"]
[EventType "swiss"]
[EventRounds "9"]
[EventCountry "RUS"]
[SourceTitle "EXT 2008"]
[Source "ChessBase"]
[SourceDate "2007.11.25"]
[SourceVersion "1"]
[SourceVersionDate "2007.11.25"]
[SourceQuality "1"]

1. e4 d5 2. exd5 Qxd5 3. Nc3 Qa5 4. d4 Nf6 5. Nf3 Bg4 6. h3 Bh5 7. g4 Bg6 8. Ne5 c6 9. h4 Be4 10. Nc4 Qd8 11. Nxe4 Nxe4 12. Bf4 e6 13. c3 Nd6 14. Ne5 Nd7 15. Bg2 Nxe5 16. dxe5 Nb5 17. Qxd8+ Rxd8 18. Ke2 Bc5 19. Rhd1 Rd7 20. Rxd7 Kxd7 21. Rd1+ Kc8 22. Be4 g6 23. Bg5 Re8 24. h5 gxh5 25. gxh5 h6 26. Bf6 Rg8 27. a4 Nc7 28. b4 Bxb4 29. cxb4 Nd5 30. Bxd5 exd5 31. Kf3 a6 32. a5 Kd7 33. Rd4 Ke6 34. Rg4 Rc8 35. Ke3 c5 36. bxc5 Rxc5 37. Rb4 Rxa5 38. Rb6+ Kf5 39. Rxb7 Kg4 40. Rxf7 Kxh5 41. Rg7 Ra4 42. Rd7 Kg4 43. Rxd5 Kf5 44. Rd4 Ra3+ 45. Ke2 Ra2+ 46. Kf3 Ra3+ 47. Kg2 a5 48. Rh4 Kg6 49. Be7 Ra2 50. Bc5 a4 51. e6 Re2 52. e7 Kf7 53. Rxa4 Re5 54. Rf4+ Ke8 55. Rf8+ Kd7 56. Rd8+ 1-0

[Event "St Petersburg White Nights op"]
[Site "St Petersburg"]
[Date "2007.07.03"]
[Round "9"]
[White "Zhuravlev, Mikhail"]
[Black "Gorelikov, Igor"]
[Result "1/2-1/2"]
[WhiteElo "2006"]
[BlackElo "1954"]
[PlyCount "101"]
[EventDate "2007.06.25"]
[EventType "swiss"]
[EventRounds "9"]
[EventCountry "RUS"]
[SourceTitle "CBM 119 Extra"]
[Source "ChessBase"]
[SourceDate "2007.09.04"]
[SourceVersion "1"]
[SourceVersionDate "2007.09.04"]
[SourceQuality "1"]

1. e4 e5 2. Nf3 Nc6 3. Bb5 a6 4. Ba4 Nf6 5. 0-0 Be7 6. Re1 b5 7. Bb3 0-0 8. d4 exd4 9. e5 Ne8 10. Nxd4 Nxd4 11. Qxd4 c5 12. Qe4 Rb8 13. c3 Bb7 14. Qg4 c4 15. Bc2 Bc5 16. Qh3 g6 17. Be3 Bxe3 18. Qxe3 Qe7 19. Nd2 d6 20. exd6 Qxd6 21. Ne4 Bxe4 22. Bxe4 Nf6 23. Rad1 Qe6 24. Bf3 Qxe3 25. Rxe3 Rbd8 26. Ree1 Nd7 27. Rd5 Nb6 28. Rxd8 Rxd8 29. Rd1 Rxd1+ 30. Bxd1 Kf8 31. Kf1 Ke7 32. Ke2 Kd6 33. Ke3 Kc5 34. a3 a5 35. Kd2 Nd7 36. f4 Kd6 37. Ke3 Nc5 38. Bc2 f5 39. h3 h5 40. g3 Kd5 41. Bd1 a4 42. Bc2 Kd6 43. Kf3 Ke6 44. Ke3 Kd5 45. Ke2 Ne4 46. Bxe4+ Kxe4 47. h4 Kd5 48. Ke3 Kc5 49. Kf3 Kd6 50. Ke3 Kd5 51. Kf3 1/2-1/2

[Event "St Petersburg White Nights op"]
[Site "St Petersburg"]
[Date "2007.06.27"]
[Round "3"]
[White "Mironovich, Mark"]
[Black "Zhuravlev, Mikhail"]
[Result "1/2-1/2"]
[WhiteElo "1946"]
[BlackElo "2006"]
[PlyCount "150"]
[EventDate "2007.06.25"]
[EventType "swiss"]
[EventRounds "9"]
[EventCountry "RUS"]
[SourceTitle "CBM 119 Extra"]
[Source "ChessBase"]
[SourceDate "2007.09.04"]
[SourceVersion "1"]
[SourceVersionDate "2007.09.04"]
[SourceQuality "1"]

1. d4 Nf6 2. c4 Nc6 3. Nc3 e5 4. Nf3 exd4 5. Nxd4 Bb4 6. Nxc6 Bxc3+ 7. bxc3 bxc6 8. Ba3 d6 9. g3 0-0 10. Bg2 Bd7 11. 0-0 Re8 12. Qd3 Qe7 13. Rfe1 Rab8 14. e4 Bf5 15. Qd2 Nxe4 16. Bxe4 Bxe4 17. f3 f5 18. fxe4 fxe4 19. Qd4 e3 20. Re2 Qe4 21. Rae1 Rb1 22. Bc1 c5 23. Qd5+ Qxd5 24. cxd5 Re5 25. Rd1 g5 26. g4 h5 27. gxh5 Kh7 28. Kg2 Kh6 29. Kf3 Ra1 30. Rde1 Rxd5 31. Bxe3 Rxe1 32. Rxe1 Kxh5 33. Re2 Rd3 34. Rc2 a5 35. Ke4 c4 36. Bd4 c5 37. Bf2 Kg4 38. Bg3 Rd1 39. Ke3 Rd3+ 40. Ke2 Kf5 41. Be1 Ke4 42. Rd2 Re3+ 43. Kd1 d5 44. Re2 g4 45. Kd2 Rxe2+ 46. Kxe2 a4 47. Bh4 d4 48. Bf6 Kd5 49. Be7 Kc6 50. Bg5 Kd5 51. Be7 Kc6 52. Kf2 Kd5 53. Kg3 Ke4 54. Bxc5 dxc3 55. Kxg4 Kd3 56. Kf5 Kc2 57. h4 Kb2 58. Bd4 Kxa2 59. Bxc3 Kb3 60. h5 Kxc3 61. h6 Kb2 62. h7 c3 63. h8Q a3 64. Qb8+ Ka1 65. Qb3 a2 66. Qxc3+ Kb1 67. Qe1+ Kb2 68. Qd2+ Kb1 69. Qb4+ Ka1 70. Qa3 Kb1 71. Qd3+ Kb2 72. Qd4+ Kb1 73. Qb4+ Ka1 74. Qe1+ Kb2 75. Qd2+ Kb1 1/2-1/2